LIBRARY & INFORMATION CENTRE, KCAET, TAVANUR

ONLINE PUBLIC ACCESS CATALOGUE (OPAC)

Operations research in agriculture / (Record no. 7358)

MARC details
000 -LEADER
fixed length control field 00477cam a2200181ua 4500
020 ## - INTERNATIONAL STANDARD BOOK NUMBER
ISBN 81 7024 001 8
041 ## - LANGUAGE CODE
Language code of text/sound track or separate title eng
082 ## - DEWEY DECIMAL CLASSIFICATION NUMBER
Classification number 630.56
Item number PAR/OP
100 ## - MAIN ENTRY--AUTHOR NAME
Personal name Parkash , Mehta .
245 ## - TITLE STATEMENT
Title Operations research in agriculture /
250 ## - EDITION STATEMENT
Edition statement 1 /
260 ## - PUBLICATION, DISTRIBUTION, ETC. (IMPRINT)
Place of publication New Delhi :
Name of publisher Ashish Publishing House ,
Year of publication 1985.
300 ## - PHYSICAL DESCRIPTION
Number of Pages 258 ; .
942 ## - ADDED ENTRY ELEMENTS (KOHA)
Koha item type Books
Holdings
Withdrawn status Lost status Damaged status Home library Current library Date acquired Full call number Accession Number Koha item type
      KAUAET KAUAET 07/04/2012 630.56 17680 Books
free website counter